书目信息 |
| 题名: |
俗语谚语精选
|
|
| 作者: | 张勃 编著 | |
| 分册: | ||
| 出版信息: | 济南 山东人民出版社 1999.10 |
|
| 页数: | 338页 | |
| 开本: | 20cm | |
| 丛书名: | 四九宝库 | |
| 单 册: | ||
| 中图分类: | H136.4 | |
| 科图分类: | ||
| 主题词: | 汉语--语义 , 汉语--语义学 , 汉语--词汇 , 训诂 | |
| 电子资源: | ||
| ISBN: | 7-209-02488-3 | |
| 000 | 00681nam0 2200253 45 | |
| 001 | 0011290950 | |
| 005 | 20001129095623.2 | |
| 010 | @a7-209-02488-3@d15.00元 | |
| 100 | @a20001129d1999 km y0chiy0120 ea | |
| 101 | 0 | @achi |
| 105 | @a z 000yy | |
| 200 | 1 | @a俗语谚语精选@ASu Yu Yan Yu Jing Xuan@f张勃等 编著@FZhang Bo Deng Bian Zhu |
| 210 | @a济南@c山东人民出版社@d1999.10 | |
| 215 | @a338页@d20cm | |
| 225 | @a四九宝库 | |
| 410 | @12001 @a四九宝库 | |
| 606 | 0 | @a汉语@x语义 |
| 606 | 0 | @a汉语@x语义学 |
| 606 | 0 | @a汉语@x词汇 |
| 606 | 0 | @a训诂 |
| 690 | @aH136.4@v3 | |
| 701 | 0 | @a张勃@4编著 |
| 801 | @aCN@bPftUser@c20001129 | |
| 905 | @aBZT@b73008-009@dH136.4@e1@f2 | |
| 俗语谚语精选/张勃等 编著.-济南:山东人民出版社,1999.10 |
| 338页;20cm.-(四九宝库) |
| ISBN 7-209-02488-3:15.00元 |
| ● |
| 相关链接 |
|
|
|
正题名:俗语谚语精选
索取号:H136.4/1
 
预约/预借
| 序号 | 登录号 | 条形码 | 馆藏地/架位号 | 状态 | 备注 |
| 1 | 73008 | 200702392 | 中心书库中库/ 中库040架A面2列1层16/ [索取号:H136.4/1] | 在馆 | |
| 2 | 73009 | 200702427 | 中心书库中库/ 中库040架A面2列1层15/ [索取号:H136.4/1] | 在馆 |